The Seven Spiritual Laws of Success: (Record no. 192794)

MARC details
000 -LEADER
fixed length control field 00757nam a22001817a 4500
005 - DATE AND TIME OF LATEST TRANSACTION
control field 20221010104317.0
010 ## - LCCN (DPL NO)
LC control number RP B-745770
020 ## - INTERNATIONAL STANDARD BOOK NUMBER
Terms of availability 299.00
International Standard Book Number 9788194967477
035 ## - SYSTEM CONTROL NUMBER
System control number B-745770
037 ## - SOURCE OF ACQUISITION
Source of stock number/acquisition YogiImpression
100 ## - MAIN ENTRY--PERSONAL NAME
Personal name Chopra, Deepak
245 ## - TITLE STATEMENT
Title The Seven Spiritual Laws of Success:
Remainder of title Deepak Chopra
Statement of responsibility, etc a practical guide to the fulfillment of your dreams/
260 ## - PUBLICATION, DISTRIBUTION, ETC. (IMPRINT)
Place of publication, distribution, etc Mumbai
Name of publisher, distributor, etc YogiImpression
Date of publication, distribution, etc 2022
270 ## - ADDRESS
Address 1711, Centre 1, World Trade Centre, Cuffe Parade,
City Mumbai
Postal code 400005
300 ## - PHYSICAL DESCRIPTION
Extent 115p.
Dimensions 19cm(hbk)
942 ## - ADDED ENTRY ELEMENTS (KOHA)
Source of classification or shelving scheme Dewey Decimal Classification
Item type English Books
Call number suffix CHO
Classification part 650.1
Holdings
Withdrawn status Lost status Not for loan Collection code Home library Current library Date acquired Source of acquisition Cost, normal purchase price Full call number Barcode Copy number Cost, replacement price Koha item type
      Non-fiction Kasturba Gandhi Marg Kasturba Gandhi Marg 10/10/2022 Aksharesh Enterprises/RP/095/20.09.22/92/01.9.22/23.9.22 299.00 650.1 CHO B-745770 1 299.00 English Books

© Delhi Public Library
Hit Counter
free hit counter